Sefer Ḳehilot Yaʻaḳov, (Record no. 32840)

MARC details
000 -LEADER
fixed length control field 00862cam a22002531 4500
001 - CONTROL NUMBER
control field he 68000174
003 - CONTROL NUMBER IDENTIFIER
control field DLC
005 - DATE AND TIME OF LATEST TRANSACTION
control field 20260227111452.0
008 - FIXED-LENGTH DATA ELEMENTS--GENERAL INFORMATION
fixed length control field 880914s1966 is 000 0 heb
010 ## - LIBRARY OF CONGRESS CONTROL NUMBER
LC control number he 68000174
035 ## - SYSTEM CONTROL NUMBER
System control number (OCoLC)18485619
040 ## - CATALOGING SOURCE
Original cataloging agency DLC
Transcribing agency CU
Modifying agency CU
-- DLC
042 ## - AUTHENTICATION CODE
Authentication code premarc
050 00 - LIBRARY OF CONGRESS CALL NUMBER
Classification number BM506.S27
Item number K34
100 1# - MAIN ENTRY--PERSONAL NAME
Personal name Ḳanevsḳi, Yaʻaḳov.
245 10 - TITLE STATEMENT
Title Sefer Ḳehilot Yaʻaḳov,
Remainder of title ʻal masekhtot Shabat, ʻEruvin u-Vetsah ...
Statement of responsibility, etc. [me-et Yaʻaḳov Ḳanevsḳi]
250 ## - EDITION STATEMENT
Edition statement Totsaʼah metuḳenet ʻim harbeh hosafot ṿe-tiḳunim.
260 ## - PUBLICATION, DISTRIBUTION, ETC.
Place of publication, distribution, etc. Bene Beraḳ
Date of publication, distribution, etc. [1966 or 7]
300 ## - PHYSICAL DESCRIPTION
Extent 112 p.
Dimensions 34 cm.
630 00 - SUBJECT ADDED ENTRY--UNIFORM TITLE
Uniform title Talmud.
Name of part/section of a work Shabbat
General subdivision Commentaries.
630 00 - SUBJECT ADDED ENTRY--UNIFORM TITLE
Uniform title Talmud.
Name of part/section of a work Eruvin
General subdivision Commentaries.
630 00 - SUBJECT ADDED ENTRY--UNIFORM TITLE
Uniform title Talmud.
Name of part/section of a work Beẓah
General subdivision Commentaries.
740 0# - ADDED ENTRY--UNCONTROLLED RELATED/ANALYTICAL TITLE
Uncontrolled related/analytical title Ḳehilot Yaʻaḳov, ʻal masekhtot Shabat, ʻEruvin u-Vetsah.

No items available.

Powered by Koha